000
00191 a2200097 4500
001
5293
100
_a
Durell,CV
245
_a
School mechanics,A
260
_a
_b
Bell
_c
090
_c
4397
_d
4397
942
_a
NUST-CAE
_c
M
_c
30708
999
_c
240366
_d
240366